Dead funny (Record no. 145426)

MARC details
000 -LEADER
fixed length control field 00406nam a2200169Ia 4500
008 - FIXED-LENGTH DATA ELEMENTS--GENERAL INFORMATION
fixed length control field 191130s2000##################000#0#eng##
020 ## - INTERNATIONAL STANDARD BOOK NUMBER
ISBN 9781841490250
082 ## - DEWEY DECIMAL CLASSIFICATION NUMBER
Classification number 823.914 HOL
100 ## - MAIN ENTRY--AUTHOR NAME
Personal name Holt, Tom
245 ## - TITLE STATEMENT
Title Dead funny
Statement of responsibility, etc Tom Holt
250 ## - EDITION STATEMENT
Edition statement 1st ed
260 ## - PUBLICATION, DISTRIBUTION, ETC. (IMPRINT)
Place of publication London
Name of publisher Orbit
Year of publication 2000
300 ## - PHYSICAL DESCRIPTION
Number of Pages 570 p. ; 20 cm
650 ## - SUBJECT ADDED ENTRY--TOPICAL TERM
Topical Term English Fiction
942 ## - ADDED ENTRY ELEMENTS (KOHA)
Koha item type English Books
Holdings
Withdrawn status Lost status Damaged status Not for loan Home library Current library Shelving location Date acquired Full call number Accession Number Price effective from Koha item type
        Anna Centenary Library Anna Centenary Library 4TH FLOOR, B WING 12.10.2020 823.914 HOL 507619 12.10.2020 English Books

Find us on the map